000 00689nam a2200241 i 4500
001 C2-0118208
003 PPAK
005 20180727111102.0
008 970730s1995 my a|||| ||||| | may d
020 _a9836245774
040 _aPPAK
_beng
_cPPAK
_erda
082 0 4 _a582.13
_223
090 0 0 _a582.13
_bHAL
_dG
100 0 _aHalimathul Saadiah A. shafiei,
_eauthor
245 1 0 _aAsas teknologi biji benih
264 1 _aKuala Lumpur :
_bDewan Bahasa dan Pustaka ,
_c1995
300 _avii, 110 pages :
_bcolour illustrations ;
_c21 cm
336 _2rdacontent
_atext
337 _2rdamedia
_aunmediated
338 _2rdacarrier
_avolume
650 1 0 _aSeeds - Anatomy
942 _ddc
_cB
999 _c32082
_d32082